| 000 | 01377nab a2200277 a 4500 | ||
|---|---|---|---|
| 005 | 20260108064007.0 | ||
| 008 | 991125c2015 sp fr p o 000 0 spa d | ||
| 035 | _aUPN01000209303 | ||
| 040 |
_aMX-MxUPN _bspa _cMX-MxUPN _eaacr2 |
||
| 049 | _aART-E | ||
| 100 | 1 | _aCardona Martín, Isabel | |
| 100 | 1 | _uIcarmar2872@gmail.com | |
| 245 | 1 | 0 | _a¿Qué hacemos hoy en las aulas de Educación Infantil? |
| 506 | 0 | _aAcceso abierto | |
| 520 | 3 | _aHacer un alto en el camino y reflexionar sobre nuestra práctica docente es indudablemente necesario. ¿Nos dejamos llevar por la rutina?, ¿nos acomodamos a lo que nos viene hecho?, ¿emprendemos actividades sabiendo por qué y para qué las hacemos? En muchas ocasiones nuestros discursos, nuestra teoría, lo que creemos que debería ser, dista bastante de lo que hacemos en las aulas, de nuestras prácticas, de lo que realmente está siendo. | |
| 650 | 4 |
_aPrácticas de la enseñanza _92849 |
|
| 650 | 4 |
_aLibros de texto _94427 |
|
| 650 | 2 |
_aRelación familia-escuela _93840 |
|
| 653 | 0 | _aEducación infantil | |
| 653 | 0 | _aReflexión pedagógica | |
| 773 |
_gVol. 30, no. 2 (2015), p. 11-19 _tEnsayos : revista de la Facultad de Educación de Albacete _x2171-9098 |
||
| 856 | 4 | _uhttps://revista.uclm.es/index.php/ensayos/article/view/777 | |
| 902 | _aGloria Jiménez/080825 | ||
| 905 | _aArticulo | ||
| 942 | _cART-E | ||
| 999 |
_c181404 _d181404 |
||